000
00290nam a22001217a 4500
008
180512b xxu||||| |||| 00| 0 eng d
041
_a
eng
080
_a
043.3
100
_a
0
101
_a
MBE-BA
245
_a
Doganat si Hyrje Publike: Rast Studimi: Kosova
_c
Shamliu, G
942
_2
udc
_c
BK
999
_c
45708
_d
45708